Organic chemistry
Organic Chemistry accents basic themes in an effort to keep memorization at a minimum. Relevant examples from everyday life are used to illustrate concepts, and this mate- rial is integrated throughout the chapter rather than confi ned to a boxed reading. Each topic is broken down into small chunks...
שמור ב:
| מחבר ראשי: | |
|---|---|
| פורמט: | ספר |
| שפה: | Undetermined |
| יצא לאור: |
Boston
McGraw-Hill
2011
|
| נושאים: | |
| תגים: |
הוספת תג
אין תגיות, היה/י הראשונ/ה לתייג את הרשומה!
|
| Thư viện lưu trữ: | Trung tâm Học liệu Trường Đại học Cần Thơ |
|---|
| LEADER | 01050nam a2200193Ia 4500 | ||
|---|---|---|---|
| 001 | CTU_237032 | ||
| 008 | 210402s9999 xx 000 0 und d | ||
| 082 | |a 547 | ||
| 082 | |b S651 | ||
| 100 | |a Smith, Janice Gorzynski | ||
| 245 | 0 | |a Organic chemistry | |
| 245 | 0 | |c Janice Gorzynski Smith | |
| 260 | |a Boston | ||
| 260 | |b McGraw-Hill | ||
| 260 | |c 2011 | ||
| 520 | |a Organic Chemistry accents basic themes in an effort to keep memorization at a minimum. Relevant examples from everyday life are used to illustrate concepts, and this mate- rial is integrated throughout the chapter rather than confi ned to a boxed reading. Each topic is broken down into small chunks of information that are more manageable and easily learned. Sample problems are used as a tool to illustrate stepwise problem solving. Exceptions to the rule and older, less useful reactions are omitted to focus attention on the basic themes. | ||
| 650 | |a Chemistry, Organic,Hóa hữu cơ | ||
| 910 | |a Tuyến | ||
| 980 | |a Trung tâm Học liệu Trường Đại học Cần Thơ | ||